| 000 | 00338nam a2200133Ia 4500 | ||
|---|---|---|---|
| 008 | 191201s2008 xx 000 0 und d | ||
| 082 |
_a658.18 _bHII |
||
| 100 | _aHILL, Charls | ||
| 245 | 0 | _aInternational Business: Competing in the Global Marketplace | |
| 260 |
_aN.Delhi _bTMH _c2008 |
||
| 300 | _a942 | ||
| 650 | _aMBA | ||
| 942 |
_2ddc _cBK |
||
| 999 |
_c2967 _d2967 |
||